Super techniques Inazuma Eleven par images #2 - Statistiques

Statistiques générales
  • Ce quiz a été pris 907 fois
  • Le résultat moyen est 10 sur 15
Statistiques - réponses
Par images Hint Réponse % Correct
Raimon Main céleste
99%
Raimon Le Mur
98%
Nouvelle Royal Academy Manchot empereur n°1
91%
Alpin Blizzard éternel
90%
Raimon Tacle de la Mort
88%
Epsilon Perceuse
83%
Raimon Tornade du dragon
81%
Raimon Tourbillon vivant
62%
Cybertech Protecto-bulle
60%
Triple C Danse des papillons
50%
Diamond Dust Tacle glacial
50%
Dragons de feu Tir solaire
40%
Lions du désert Tempête de sable
38%
Occulte Distorsion
37%
Mary Times Memorial Attaque de l'aigle
34%
Aucun quiz correspondant
Distribution des résultats
% des personnes avec chaque résultat
Percentile par nombre de réponses
Votre historique - résultats
Vous n’avez pas pris ce quiz